书目信息 |
| 题名: |
建筑构造 上
|
|
| 作者: | 李必瑜 主编 | |
| 分册: | ||
| 出版信息: | 北京 中国建筑工业出版社 2000.06 |
|
| 页数: | 193页 | |
| 开本: | 16开 | |
| 丛书名: | ||
| 单 册: | ||
| 中图分类: | TU22-43 | |
| 科图分类: | ||
| 主题词: | 建筑构造--结构设计 | |
| 电子资源: | ||
| ISBN: | 7-112-04027-2 | |
| 000 | 00519nam0 2200181 45 | |
| 001 | 0101101020 | |
| 005 | 20160429114604.06 | |
| 010 | @a7-112-04027-2@d15.40元 | |
| 100 | @a20010110d2000 km y0chiy0120 ea | |
| 101 | 0 | @achi |
| 200 | 1 | @a建筑构造 上@AJian Zhu Gou Zao Shang@f李必瑜主编@FLi Bi Yu Zhu Bian |
| 210 | @a北京@c中国建筑工业出版社@d2000.06 | |
| 215 | @a193页@d16开 | |
| 606 | 0 | @a建筑构造@x结构设计 |
| 690 | @aTU22-43@v3 | |
| 701 | 0 | @a李必瑜@4主编 |
| 801 | @aCN@c20081017 | |
| 905 | @b320300-304@dTU22-43@eL907:1@f5 | |
| 建筑构造 上/李必瑜主编.-北京:中国建筑工业出版社,2000.06 |
| 193页;16开 |
| ISBN 7-112-04027-2:15.40元 |
| ● |
| 相关链接 |
|
|
|
正题名:建筑构造 上
索取号:TU22-43/L907:1
 
预约/预借
| 序号 | 登录号 | 条形码 | 馆藏地/架位号 | 状态 | 备注 |
| 1 | 320300 | 203203005 | 建筑库101/101建筑库 46排6列5层/ [索取号:TU22-43/L907:1] | 在馆 | |
| 2 | 320301 | 203203014 | 建筑库101/101建筑库 46排6列5层/ [索取号:TU22-43/L907:1] | 在馆 | |
| 3 | 320302 | 203203023 | 建筑库101/101建筑库 46排6列5层/ [索取号:TU22-43/L907:1] | 在馆 | |
| 4 | 320303 | 203203032 | 建筑库101/101建筑库 46排7列1层/ [索取号:TU22-43/L907:1] | 在馆 | |
| 5 | 320304 | 203203041 | 建筑库101/101建筑库 46排7列1层/ [索取号:TU22-43/L907:1] | 在馆 | |
| 6 | 454660 | 204546606 | 建筑库101/101建筑库 46排7列1层/ [索取号:TU22-43/L907:1] | 在馆 | |
| 7 | 454661 | 204546615 | 建筑库101/101建筑库 46排6列5层/ [索取号:TU22-43/L907:1] | 在馆 | |
| 8 | 454662 | 204546624 | 建筑库101/ [索取号:TU22-43/L907:1] | 在馆 | |
| 9 | 454663 | 204546633 | 建筑库101/101建筑库 46排7列1层/ [索取号:TU22-43/L907:1] | 在馆 | |
| 10 | 454664 | 204546642 | 建筑库101/101建筑库 46排6列5层/ [索取号:TU22-43/L907:1] | 在馆 | |
| 11 | 454665 | 204546651 | 建筑库101/101建筑库 46排7列1层/ [索取号:TU22-43/L907:1] | 在馆 | |
| 12 | 454666 | 204546660 | 建筑库101/101建筑库 46排7列1层/ [索取号:TU22-43/L907:1] | 在馆 | |
| 13 | 454667 | 204546679 | 建筑库101/101建筑库 46排6列5层/ [索取号:TU22-43/L907:1] | 在馆 | |
| 14 | 454668 | 204546688 | 建筑库101/101建筑库 46排6列5层/ [索取号:TU22-43/L907:1] | 在馆 | |
| 15 | 454669 | 204546697 | 建筑库101/101建筑库 46排6列5层/ [索取号:TU22-43/L907:1] | 在馆 | |
| 16 | 475854 | 204758547 | 自科二线404/404自科库 12排1列2层/ [索取号:TU22-43/L907:1] | 在馆 | |
| 17 | 819205 | 208192052 | 管理学院资料室/ [索取号:TU22-43/L907:1] | 在馆 |